[Event "World Rapid Women 2018"]
[Site "St Petersburg RUS"]
[Date "2018.12.28"]
[Round "9.39"]
[White "Dumcheva, Julia"]
[Black "Skripchenko, Almira"]
[Result "1-0"]
[WhiteTitle "WFM"]
[BlackTitle "IM"]
[WhiteElo "2168"]
[BlackElo "2408"]
[WhiteFideId "24143375"]
[BlackFideId "13900145"]
[EventDate "2018.12.26"]

1. e4 d6 2. d4 Nf6 3. Nc3 e5 4. dxe5 dxe5 5. Qxd8+ Kxd8 6. Bc4 Ke8 7. f3 a6 8.
a4 Bd6 9. Be3 Nbd7 10. Kf2 h6 11. g4 Nc5 12. Nge2 Be6 13. Bxe6 Nxe6 14. h4 Rc8
15. Nd5 Nxd5 16. exd5 Nf8 17. Ng3 Nd7 18. Nf5 Rg8 19. h5 f6 20. Rhd1 Kf7 21. c3
a5 22. b4 Ra8 23. b5 Rgd8 24. c4 Rac8 25. Ng3 b6 26. Ne4 f5 27. gxf5 Nf6 28. Rh1
Bb4 29. Rag1 Ng8 30. Rg2 Bf8 31. Ke2 Ne7 32. Ng3 Rd6 33. Ne4 Rd7 34. Ng3 Re8 35.
Kd3 Ng8 36. Re1 Nf6 37. Bd2 Bd6 38. Bc3 Rde7 39. Rge2 Kf8 40. Rh1 Nd7 41. Kc2
Nc5 42. Ra1 Rf7 43. Bd2 e4 44. Nxe4 Rxf5 45. Nxd6 cxd6 46. Rxe8+ Kxe8 47. Rg1
Kf7 48. Bc3 Rxf3 49. Rxg7+ Kf8 50. Rg6 Rf2+ 51. Kd1 Nxa4 52. Bg7+ Kf7 53. Bxh6
Nb2+ 54. Ke1 Nd3+ 55. Kd1 Nb2+ 56. Ke1 Rf6 57. Rg7+ Ke8 58. Bg5 Rf7 59. Rg6 Nxc4
60. h6 a4 61. Rg8+ Kd7 62. Rg7 Ke8 63. h7 Rxg7 64. h8=Q+ Kf7 65. Qh5+ Kg8 66.
Bf6 Rg3 67. Kf2 1-0

[Event "World Rapid Women 2018"]
[Site "St Petersburg RUS"]
[Date "2018.12.28"]
[Round "9.40"]
[White "Injac, Teodora"]
[Black "Fominykh, Maria"]
[Result "1/2-1/2"]
[WhiteTitle "WIM"]
[BlackTitle "WGM"]
[WhiteElo "2325"]
[BlackElo "2259"]
[WhiteFideId "932400"]
[BlackFideId "4142411"]
[EventDate "2018.12.26"]

1. d4 Nf6 2. Nf3 c5 3. d5 d6 4. Nc3 g6 5. e4 Bg7 6. Be2 O-O 7. O-O Bg4 8. h3
Bxf3 9. Bxf3 Nfd7 10. Be3 Na6 11. Be2 Nc7 12. a4 Rb8 13. Qd2 Re8 14. f4 a6 15.
e5 dxe5 16. f5 b6 17. Ne4 Nf6 18. Nxf6+ Bxf6 19. c4 Qd6 20. Bd3 b5 21. axb5 axb5
22. Qf2 bxc4 23. Bxc4 e4 24. Bxc5 Qe5 25. fxg6 hxg6 26. b4 Nxd5 27. Rad1 Nc3 28.
Rd7 e3 29. Bxe3 Ne4 30. Qf3 Ng5 31. Bxg5 Qxg5 32. Rd5 Qh4 33. Qb3 e6 34. Rd3
Bd4+ 35. Kh1 Re7 1/2-1/2

[Event "World Rapid Women 2018"]
[Site "St Petersburg RUS"]
[Date "2018.12.28"]
[Round "9.41"]
[White "Haussernot, Cecile"]
[Black "Sudakova, Irina"]
[Result "0-1"]
[WhiteTitle "WIM"]
[BlackTitle "WGM"]
[WhiteElo "2196"]
[BlackElo "2313"]
[WhiteFideId "601632"]
[BlackFideId "4129903"]
[EventDate "2018.12.26"]

1. e4 c5 2. Nf3 d6 3. d4 cxd4 4. Nxd4 Nf6 5. Nc3 Nc6 6. Bg5 e6 7. Qd2 a6 8.
O-O-O Bd7 9. f4 b5 10. Qe3 Qb6 11. e5 dxe5 12. fxe5 Ng4 13. Qf4 Ngxe5 14. Nxc6
Ng6 15. Qd4 Qxc6 16. Bd3 Qc5 17. Qg4 Rc8 18. Kb1 Ne5 19. Qg3 Nc4 20. Ne4 Qc7 21.
Bf4 e5 22. Rhe1 f6 23. Bxc4 Qxc4 24. Nxf6+ gxf6 25. Bxe5 Be6 26. Bc3 Qxa2+ 27.
Kc1 Bh6+ 28. Re3 Qa1+ 29. Kd2 Rd8+ 30. Bd4 Rxd4+ 31. Kc3 Rc4+ 32. Kd2 Qa5+ 33.
c3 Kf7 34. Ke1 Bxe3 0-1

[Event "World Rapid Women 2018"]
[Site "St Petersburg RUS"]
[Date "2018.12.28"]
[Round "9.42"]
[White "Nomin-Erdene, Davaademberel"]
[Black "Chernyak, Viktoria"]
[Result "0-1"]
[WhiteTitle "IM"]
[BlackTitle "WFM"]
[WhiteElo "2376"]
[BlackElo "2186"]
[WhiteFideId "4900782"]
[BlackFideId "24165956"]
[EventDate "2018.12.26"]

1. e4 e6 2. d4 d5 3. Nc3 Bb4 4. e5 Ne7 5. Bd2 c5 6. a3 Bxc3 7. Bxc3 Nbc6 8. Nf3
cxd4 9. Nxd4 Nxd4 10. Qxd4 O-O 11. Qg4 b6 12. O-O-O a5 13. f4 Ba6 14. Bxa6 Rxa6
15. Qe2 Ra8 16. g4 Qc7 17. Rhf1 Rac8 18. f5 Qc4 19. Qf2 Qxg4 20. f6 Ng6 21. fxg7
Kxg7 22. Qf6+ Kg8 23. Bd2 Qe4 24. Bc3 Rc7 25. Rde1 Qa4 26. Rd1 Rc4 27. Kb1 Re4
28. Rg1 Rf4 29. Qg5 Rf5 30. Qh6 Qf4 31. Qh3 Qf3 32. Qh6 Rc8 33. Rd3 Qh5 34. Qd2
Rf3 35. Rd4 Rh3 36. Rg2 Qf5 37. Rf2 Rf3 38. Rg2 Rf1+ 39. Ka2 Rf3 40. h4 Rh3 41.
Rg5 Qf3 42. Rd3 Qf1 43. Rxh3 Qxh3 44. Qf2 Kf8 45. h5 Ne7 46. Qf6 Ke8 47. Rg7
Qxh5 48. Bd4 Qf5 49. Rxf7 Qxf6 50. Rxf6 Rc6 51. Rh6 Nf5 52. Rxh7 Nxd4 53. c3 Nf3
54. Rh5 Rc4 55. Rh6 Rc6 56. Rh5 Kf7 57. Kb3 Kg6 58. Rh8 Nxe5 59. Ka4 Nd3 60. Kb5
Rd6 61. b4 axb4 62. cxb4 Nf4 63. a4 d4 64. a5 bxa5 65. bxa5 d3 66. Rh1 d2 67.
Rd1 Ne2 68. Kc5 Rd5+ 69. Kc4 Rxa5 70. Rxd2 Nf4 71. Rd8 Kf5 72. Kc3 e5 73. Rf8+
Ke4 74. Kd2 Ra2+ 75. Kc3 Rh2 76. Re8 Nd5+ 77. Kc4 Rc2+ 78. Kb5 Nc7+ 0-1

[Event "World Rapid Women 2018"]
[Site "St Petersburg RUS"]
[Date "2018.12.28"]
[Round "9.43"]
[White "Vega Gutierrez, Sabrina"]
[Black "Lysenko, Margarita"]
[Result "1-0"]
[WhiteTitle "IM"]
[BlackTitle "WFM"]
[WhiteElo "2390"]
[BlackElo "2190"]
[WhiteFideId "2219026"]
[BlackFideId "34100200"]
[EventDate "2018.12.26"]

1. e4 Nf6 2. e5 Nd5 3. c4 Nb6 4. d4 d6 5. exd6 cxd6 6. Nc3 g6 7. Be3 Bg7 8. Be2
O-O 9. Rc1 d5 10. c5 Nc4 11. Bxc4 dxc4 12. Nge2 Nc6 13. O-O Bf5 14. Qa4 Bd3 15.
Rfd1 Nxd4 16. Nxd4 Bxd4 17. Rxd3 cxd3 18. Bxd4 Re8 19. Rd1 b5 20. Nxb5 Qd7 21.
Qc4 Qg4 22. f3 Qf4 23. Qxd3 Red8 24. g3 Qg5 25. Qe2 e5 26. Bf2 Rxd1+ 27. Qxd1
Rd8 28. Nd6 h5 29. Qd5 Qe7 30. h4 Rd7 31. b4 a6 32. Be3 Kg7 33. a4 Qd8 34. b5
axb5 35. axb5 Qa5 36. Qxe5+ f6 37. Qe8 Rxd6 38. Qe7+ Kg8 39. cxd6 Qe1+ 40. Kg2 1-0

[Event "World Rapid Women 2018"]
[Site "St Petersburg RUS"]
[Date "2018.12.28"]
[Round "9.44"]
[White "Murashova, Ekaterina"]
[Black "Smirnova, Ekaterina"]
[Result "0-1"]
[WhiteTitle "WIM"]
[BlackTitle "WFM"]
[WhiteElo "2259"]
[BlackElo "2192"]
[WhiteFideId "4171985"]
[BlackFideId "4110943"]
[EventDate "2018.12.26"]

1. e4 e6 2. d4 d5 3. Nc3 Bb4 4. Bd3 dxe4 5. Bxe4 Nf6 6. Bg5 h6 7. Bxf6 Qxf6 8.
Nf3 O-O 9. O-O c5 10. Nb5 Ba5 11. Nd6 Nc6 12. Bxc6 bxc6 13. Ne4 Qe7 14. Nxc5 Bb6
15. Na4 Bb7 16. c3 c5 17. dxc5 Bxc5 18. Nxc5 Qxc5 19. Qd4 Qh5 20. Ne5 Qg5 21.
Ng4 Rfd8 22. Qa4 Bxg2 23. Kxg2 h5 24. Rad1 hxg4 25. Qc6 Rab8 26. Rxd8+ Rxd8 27.
Re1 Qd2 28. Re4 Qxb2 29. Rxg4 Qxa2 30. Ra4 Qd2 31. Ra5 Qf4 32. Qf3 Qxf3+ 33.
Kxf3 Rd3+ 34. Kg2 Rxc3 35. Rxa7 g5 36. Ra5 f6 37. Ra7 Kf8 38. Rb7 Rd3 39. Rc7
Ke8 40. Rh7 Rd7 41. Rh6 Ke7 42. Rh3 Rd4 43. Ra3 f5 44. Ra6 Kf6 45. Rb6 Rd3 46.
Ra6 g4 47. Rb6 f4 48. Ra6 Kf5 49. Ra8 Rd1 50. Rf8+ Ke5 51. Ra8 f3+ 52. Kg3 Rg1+
53. Kh4 Rg2 54. Ra2 Kf5 55. Rb2 Rxh2+ 0-1

[Event "World Rapid Women 2018"]
[Site "St Petersburg RUS"]
[Date "2018.12.28"]
[Round "9.45"]
[White "Yurasova, Daria"]
[Black "Gevorgyan, Maria"]
[Result "1-0"]
[BlackTitle "WIM"]
[WhiteElo "2190"]
[BlackElo "2228"]
[WhiteFideId "34146919"]
[BlackFideId "13300270"]
[EventDate "2018.12.26"]

1. d4 d5 2. Nf3 Nf6 3. g3 e6 4. Bg2 Be7 5. c4 O-O 6. O-O dxc4 7. Qc2 a6 8. a4
Bd7 9. Qxc4 Bc6 10. Nc3 a5 11. Bg5 Ra6 12. Rad1 Rb6 13. Qa2 Na6 14. Bxf6 Bxf6
15. e4 Nb4 16. Qc4 Qe8 17. d5 Bxa4 18. Nxa4 Qxa4 19. Qxc7 Qb5 20. Nd4 Qa6 21.
dxe6 fxe6 22. Bh3 e5 23. Nf5 Kh8 24. Rd7 Rc6 25. Qxb7 Qxb7 26. Rxb7 g6 27. Ne3
Rd8 28. Rb5 Nd3 29. Rd1 Rc1 30. Rxc1 Nxc1 31. Rxa5 Rb8 32. Ng4 Bg7 33. Nxe5 Ne2+
34. Kf1 Nd4 35. Nd7 Rc8 36. Rc5 Re8 37. b4 h5 38. e5 g5 39. Bg2 Rd8 40. Rd5 Nc6
41. b5 Nxe5 42. Nxe5 Rxd5 43. Nf7+ Kh7 44. Bxd5 Bd4 45. Nxg5+ 1-0

[Event "World Rapid Women 2018"]
[Site "St Petersburg RUS"]
[Date "2018.12.28"]
[Round "9.46"]
[White "Shvayger, Yuliya"]
[Black "Garifullina, Leya"]
[Result "1-0"]
[WhiteTitle "IM"]
[BlackTitle "WCM"]
[WhiteElo "2393"]
[BlackElo "2132"]
[WhiteFideId "14100126"]
[BlackFideId "34127035"]
[EventDate "2018.12.26"]

1. e4 e6 2. d4 d5 3. Nc3 Bb4 4. Ne2 dxe4 5. a3 Bxc3+ 6. Nxc3 Nc6 7. Bb5 Nf6 8.
Bg5 h6 9. Bxf6 Qxf6 10. Nxe4 Qg6 11. Bxc6+ bxc6 12. Qf3 O-O 13. O-O Ba6 14. Rfc1
Rad8 15. Nc5 Bc4 16. b3 Bd5 17. Qg3 Be4 18. c3 Qxg3 19. hxg3 Bg6 20. Re1 Rd5 21.
f4 Rb8 22. b4 Bf5 23. a4 Kf8 24. Kf2 Ke7 25. Ke3 Rdd8 26. Rh1 Rh8 27. Na6 Rb7
28. Kf3 h5 29. Rae1 f6 30. Nc5 Rbb8 31. Nxe6 Bg4+ 32. Kf2 Bxe6 33. f5 Kd7 34.
Rxe6 Rbe8 35. Rxe8 Kxe8 36. Rh4 Rf8 37. Rxh5 Kf7 38. a5 Re8 39. Rh1 Rd8 40. Re1
c5 41. dxc5 Rd2+ 42. Re2 Rd3 43. Re3 Rd2+ 44. Kf3 Rd5 45. g4 Rd2 46. g3 Kf8 47.
Ke4 Ke7 48. Rd3 Re2+ 49. Kd5 Kd7 50. Kc4+ Kc8 51. Kb5 Kb7 52. a6+ Kc8 53. Kc6
Ra2 54. b5 Re2 55. Rd7 Re8 56. Rxc7+ Kb8 57. b6 Rg8 58. Rxa7 Rc8+ 59. Kb5 g5 60.
Rf7 Re8 61. a7+ Ka8 62. Ka6 1-0

[Event "World Rapid Women 2018"]
[Site "St Petersburg RUS"]
[Date "2018.12.28"]
[Round "9.47"]
[White "Guseva, Marina"]
[Black "Shaydullina, Sandugach"]
[Result "1-0"]
[WhiteTitle "IM"]
[BlackTitle "WGM"]
[WhiteElo "2408"]
[BlackElo "2033"]
[WhiteFideId "4149351"]
[BlackFideId "4140389"]
[EventDate "2018.12.26"]

1. d4 d5 2. Nf3 c6 3. e3 e6 4. Bd3 f5 5. O-O Nh6 6. Ne5 Nd7 7. Nxd7 Bxd7 8. b3
Bd6 9. h3 O-O 10. Ba3 Bxa3 11. Nxa3 Qe7 12. Nb1 e5 13. dxe5 Qxe5 14. Nd2 f4 15.
Nf3 Qh5 16. e4 Kh8 17. exd5 cxd5 18. Re1 Rae8 19. Rxe8 Rxe8 20. a4 a6 21. b4 Nf5
22. Bxf5 Qxf5 23. Qd2 Qf6 24. c3 h6 25. a5 Bf5 26. Re1 Be4 27. Nd4 g5 28. f3 Bg6
29. Rxe8+ Bxe8 30. Nb3 Kg7 31. Nc5 Bc6 32. Kf2 h5 33. h4 g4 34. Qxf4 Qxh4+ 35.
Ke3 Qe1+ 36. Kd4 Qd1+ 37. Ke5 Qe2+ 38. Kd6 Qe8 39. Ne6+ Kh7 40. Qf5+ Qg6 41.
Qxg6+ Kxg6 42. fxg4 h4 43. Nd4 Ba4 44. Nf3 Bd1 45. Nxh4+ Kg5 46. Nf5 Bxg4 47.
Ne3 Be2 48. Nxd5 Kf5 49. Kc5 Ke4 50. c4 Bf1 51. g4 Bd3 52. g5 Ke5 53. Ne7 Ke6
54. Nc8 Be4 55. Nd6 Bh1 56. g6 Kf6 57. Kb6 Kxg6 58. Nxb7 Kf6 59. b5 axb5 60.
cxb5 Ke7 61. a6 Kd7 62. a7 1-0

[Event "World Rapid Women 2018"]
[Site "St Petersburg RUS"]
[Date "2018.12.28"]
[Round "9.48"]
[White "Buksa, Nataliya"]
[Black "Belova, Olga"]
[Result "1-0"]
[WhiteTitle "IM"]
[BlackTitle "WFM"]
[WhiteElo "2410"]
[BlackElo "2069"]
[WhiteFideId "14123622"]
[BlackFideId "4138422"]
[EventDate "2018.12.26"]

1. d4 d5 2. Nc3 e6 3. Bf4 Nf6 4. e3 Be7 5. Bd3 O-O 6. Nf3 c5 7. dxc5 Bxc5 8. O-O
Nc6 9. e4 dxe4 10. Nxe4 Nxe4 11. Bxe4 f6 12. c3 Qxd1 13. Raxd1 e5 14. Bd5+ Kh8
15. Bc1 Ne7 16. Bc4 Bg4 17. h3 Bxf3 18. gxf3 Rfd8 19. Be3 Bxe3 20. fxe3 Nf5 21.
Kf2 g6 22. Bd5 Rab8 23. c4 Ne7 24. Be6 Kg7 25. b4 f5 26. c5 Kf6 27. Bb3 a6 28.
Ke2 Nc6 29. a3 Ke7 30. h4 f4 31. Bd5 Nd4+ 32. exd4 Rxd5 33. dxe5 Rxe5+ 34. Kf2
Rd8 35. Rxd8 Kxd8 36. Rd1+ Kc7 37. Rd4 Rf5 38. Ke2 h6 39. Kd3 g5 40. hxg5 hxg5
41. Re4 Kc6 42. Kc4 Rf6 43. a4 b5+ 44. cxb6 g4 45. a5 g3 46. Re2 Rg6 47. Rg2 Re6
48. Kd4 Re3 49. Rc2+ Kb7 50. Rc7+ Kb8 51. b5 axb5 52. a6 Ra3 53. a7+ Ka8 54. Kc5
Ra2 55. Rc8+ Kb7 56. Rb8+ 1-0

[Event "World Rapid Women 2018"]
[Site "St Petersburg RUS"]
[Date "2018.12.28"]
[Round "9.49"]
[White "Drozdova, Dina"]
[Black "Makarenko, Alexandra"]
[Result "1-0"]
[WhiteTitle "WIM"]
[BlackTitle "WIM"]
[WhiteElo "2178"]
[BlackElo "2228"]
[WhiteFideId "4170695"]
[BlackFideId "4165055"]
[EventDate "2018.12.26"]

1. d4 Nf6 2. Nc3 c5 3. d5 e5 4. e4 d6 5. h3 Be7 6. Nf3 O-O 7. Be3 Bd7 8. Nd2 Na6
9. Bc4 Rb8 10. Qe2 Nb4 11. Rc1 b5 12. Nxb5 Nxa2 13. Ra1 Bxb5 14. Rxa2 a6 15. O-O
Nd7 16. b3 Bg5 17. Bd3 Bxe3 18. Qxe3 Nf6 19. c4 Bd7 20. Rxa6 Rb6 21. Rfa1 Rxa6
22. Rxa6 Qc7 23. Be2 Bc8 24. Ra3 Bd7 25. Qc3 Rb8 26. Qa5 Qxa5 27. Rxa5 Kf8 28.
Ra7 Ke8 29. g4 Ng8 30. Ra6 Ke7 31. Kg2 h6 32. Kg3 g6 33. f4 exf4+ 34. Kxf4 g5+
35. Ke3 Bc8 36. Ra7+ Kf6 37. Bd1 Rb7 38. Ra8 Ne7 39. Nf3 Bd7 40. e5+ dxe5 41.
Nd2 Kg7 42. Ne4 Ng6 43. Nxc5 Rc7 44. Na6 Rc8 45. Ra7 Rd8 46. Nc5 Bc8 47. Bc2 Nf4
48. Bf5 Bxf5 49. gxf5 Kf6 50. Ne4+ Kxf5 51. Rxf7+ Kg6 52. Ra7 Nxh3 53. d6 Nf4
54. c5 Nd5+ 55. Ke2 Kf5 56. Ng3+ Kg4 57. Nf1 h5 58. Ne3+ Nxe3 59. Kxe3 h4 60.
Rh7 h3 61. d7 h2 62. c6 Rb8 63. Rxh2 Rxb3+ 64. Ke4 Rb8 65. c7 Rb4+ 66. Kxe5 Rb5+ 1-0

[Event "World Rapid Women 2018"]
[Site "St Petersburg RUS"]
[Date "2018.12.28"]
[Round "9.50"]
[White "Bogumil, Tatiana"]
[Black "Strutinskaia, Galina"]
[Result "1-0"]
[WhiteTitle "WGM"]
[BlackTitle "WGM"]
[WhiteElo "2114"]
[BlackElo "2201"]
[WhiteFideId "4110579"]
[BlackFideId "4108558"]
[EventDate "2018.12.26"]

1. e4 c5 2. Nc3 a6 3. a4 Nc6 4. g3 d6 5. Bg2 g6 6. Nge2 Bg7 7. O-O e6 8. d3 Nge7
9. Bg5 O-O 10. Qd2 Re8 11. h3 Qa5 12. Kh2 Rb8 13. Bh6 Bh8 14. g4 Nd4 15. Ng3 Bd7
16. f4 Qc7 17. Qf2 b5 18. axb5 axb5 19. Nd1 d5 20. Ne3 dxe4 21. dxe4 c4 22. Rad1
Nec6 23. Kh1 f6 24. e5 Re7 25. exf6 Bxf6 26. Ne4 Bh8 27. Nc5 Rbe8 28. Nxd7 Rxd7
29. c3 Nb3 30. Rxd7 Qxd7 31. Rd1 Qc7 32. Qf3 Ne7 33. Qe4 Nc5 34. Qf3 Nd3 35. Rd2
Bf6 36. Re2 Qd7 37. Rd2 Qa7 38. Qe2 Qa1+ 39. Kh2 Qa7 40. Nc2 Qd7 41. Nb4 Rd8 42.
Be4 Kf7 43. Nxd3 cxd3 44. Rxd3 Qc7 45. Rxd8 Qxd8 46. Qxb5 Qd2+ 47. Bg2 Qf2 48.
Bg5 Bxg5 49. fxg5 Qf4+ 50. Kh1 Qd2 51. Qf1+ Ke8 52. Qb5+ Kf7 53. Qb7 Qc1+ 54.
Kh2 Qf4+ 55. Kg1 Qe3+ 56. Kf1 Qxg5 57. Qf3+ Ke8 58. Ke2 Nd5 59. Kd3 Qe5 60. Qe4
Qd6 61. Kc4 Qa6+ 62. Kb3 Qb6+ 63. Ka2 Ke7 64. Qa4 Nc7 65. Be4 e5 66. Qc6 Qa7+
67. Kb1 Qg1+ 68. Ka2 Qa7+ 69. Kb3 Qa5 70. g5 Ne6 71. Qb7+ Nc7 72. Qb4+ Qxb4+ 73.
Kxb4 Ne6 74. h4 Kd6 75. Kc4 Nc5 76. Bc2 Nd7 77. b4 Nb6+ 78. Kb5 Nd5 79. c4 Ne3
80. Be4 Nf5 81. c5+ Ke7 82. Kb6 Ng3 83. Bd3 e4 84. Ba6 e3 85. c6 e2 86. Bxe2
Nxe2 87. c7 1-0

[Event "World Rapid Women 2018"]
[Site "St Petersburg RUS"]
[Date "2018.12.28"]
[Round "9.51"]
[White "Utiatskaja, Irina"]
[Black "Vo, Thi Kim Phung"]
[Result "0-1"]
[WhiteTitle "WIM"]
[BlackTitle "WGM"]
[WhiteElo "2246"]
[BlackElo "2352"]
[WhiteFideId "24140848"]
[BlackFideId "12401838"]
[EventDate "2018.12.26"]

1. c4 Nf6 2. Nf3 e6 3. g3 d5 4. Bg2 Be7 5. O-O O-O 6. d4 c5 7. cxd5 exd5 8. dxc5
Bxc5 9. a3 Nc6 10. b4 Be7 11. Bb2 Ne4 12. Nfd2 Bf5 13. Nc3 Bf6 14. Rc1 Re8 15.
Nb3 Nxc3 16. Bxc3 Bxc3 17. Rxc3 Qf6 18. Rc5 Be4 19. f3 Bf5 20. e4 Be6 21. exd5
Rad8 22. f4 Ne7 23. f5 Bxd5 24. Bxd5 b6 25. Rc1 Nxd5 26. Rf3 Nxb4 27. Qf1 Nd5
28. Qf2 Qg5 29. Rd1 Nf6 30. Re1 Ng4 31. Qf1 Qh5 32. h4 Nf6 33. Rfe3 Rxe3 34.
Rxe3 Rd1 35. Re1 Rxe1 36. Qxe1 Qxf5 37. Nd4 Qd5 38. Qc3 h6 39. Kh2 Ng4+ 40. Kg1
Ne5 41. Qc8+ Kh7 42. Qf5+ g6 43. Qf4 Qxd4+ 0-1

[Event "World Rapid Women 2018"]
[Site "St Petersburg RUS"]
[Date "2018.12.28"]
[Round "9.52"]
[White "Charochkina, Daria"]
[Black "Semenova, Elena1"]
[Result "1/2-1/2"]
[WhiteTitle "IM"]
[BlackTitle "WIM"]
[WhiteElo "2344"]
[BlackElo "2260"]
[WhiteFideId "4180917"]
[BlackFideId "24125148"]
[EventDate "2018.12.26"]

1. Nf3 d5 2. g3 Nd7 3. Bg2 e5 4. O-O e4 5. Ne1 Ngf6 6. d3 exd3 7. cxd3 Be7 8.
Nc3 c6 9. e4 dxe4 10. dxe4 O-O 11. Nd3 Nc5 12. Nf4 Qxd1 13. Rxd1 Ne6 14. e5 Ng4
15. Re1 Bc5 16. Nd3 Rd8 17. Nxc5 Nxc5 18. Bg5 f6 19. exf6 gxf6 20. Bh4 Nd3 21.
Re7 Rd7 22. Rxd7 Bxd7 23. Ne4 f5 24. Nf6+ Nxf6 25. Bxf6 Kf7 26. Bc3 Nc5 27. Bd4
Ne4 28. f3 Nf6 29. Re1 Be6 30. a3 Rd8 31. Bc3 Rd3 32. Bf1 Rxf3 33. Be2 Rxc3 34.
bxc3 Ne4 35. Bh5+ Kf6 36. Re3 Nd2 37. Be2 Bd5 38. Kf2 Ne4+ 39. Ke1 Ke5 40. Bd3
c5 41. Bxe4 Bxe4 42. Kd2 h5 43. Re1 b5 44. c4 b4 45. axb4 cxb4 46. Ra1 Kd4 47.
Rxa7 b3 48. Rd7+ Kxc4 49. Kc1 Kc3 50. Rc7+ Kd4 51. Kb2 Ke3 52. Kxb3 Kf3 53. Rh7
f4 54. Rg7 fxg3 55. Rxg3+ Kf4 56. Kc3 h4 57. Rg8 h3 58. Kd4 Bf5 59. Rf8 Kg4 60.
Ke5 Bh7 61. Rh8 Bd3 62. Rg8+ Kh4 63. Kf4 Be2 64. Re8 Bh5 65. Rd8 Be2 66. Kf5
Bg4+ 67. Kf6 Bh5 68. Rh8 Kg4 69. Rh7 Kh4 70. Ke5 Kg5 71. Ra7 Kh4 72. Kf6 Kg4 73.
Ra4+ Kf3 74. Kg5 Be8 75. Rd4 Bb5 76. Kh4 Bf1 77. Rd1 Bg2 78. Rd3+ Ke4 79. Rg3
Kf4 80. Kh5 Kf5 81. Kh6 Kf6 82. Rg4 Kf5 83. Ra4 Be4 84. Ra5+ Kg4 85. Ra3 Bg2 1/2-1/2

[Event "World Rapid Women 2018"]
[Site "St Petersburg RUS"]
[Date "2018.12.28"]
[Round "9.53"]
[White "Tsatsalashvili, Keti"]
[Black "Iljushina, Olga"]
[Result "0-1"]
[WhiteTitle "WGM"]
[BlackTitle "WGM"]
[WhiteElo "2303"]
[BlackElo "2259"]
[WhiteFideId "13603434"]
[BlackFideId "4152280"]
[EventDate "2018.12.26"]

1. d4 Nf6 2. Nf3 e6 3. g3 b5 4. Bg2 Bb7 5. O-O c5 6. c3 d5 7. a4 b4 8. cxb4 cxb4
9. Nbd2 Nbd7 10. a5 Bd6 11. Nb3 Ba6 12. Re1 O-O 13. Bg5 Rc8 14. Nfd2 h6 15. Bxf6
Nxf6 16. e4 dxe4 17. Nxe4 Nxe4 18. Bxe4 Bc4 19. Qf3 Qf6 20. Qxf6 gxf6 21. Nd2
Ba6 22. Rac1 f5 23. Bb1 Rfd8 24. Rxc8 Rxc8 25. d5 exd5 26. Bxf5 Rd8 27. Nb3 Bc4
28. Nd4 Bc5 29. Nc6 Rd6 30. Ne7+ Kf8 31. Bg4 Rf6 32. Nf5 Bd3 33. Ne3 d4 34. Nd5
Rd6 35. Nf4 Bh7 36. Rd1 d3 37. Kf1 b3 38. Bf3 Bb4 39. Bd5 Bxa5 40. Bxb3 d2 41.
Ke2 Rb6 42. Ba4 Rxb2 43. Nd3 Ra2 44. Bb5 Rc2 45. f4 Rc8 46. g4 Be4 47. f5 Bd5
48. Ba4 Rc4 49. Nb2 Re4+ 50. Kd3 Rxg4 51. Bc2 Be4+ 0-1

[Event "World Rapid Women 2018"]
[Site "St Petersburg RUS"]
[Date "2018.12.28"]
[Round "9.54"]
[White "Arutyunova, Diana"]
[Black "Tomashevskaya, Lidia"]
[Result "1/2-1/2"]
[WhiteTitle "WGM"]
[BlackTitle "WIM"]
[WhiteElo "2227"]
[BlackElo "2123"]
[WhiteFideId "14107244"]
[BlackFideId "4113110"]
[EventDate "2018.12.26"]

1. e4 e5 2. Nf3 Nc6 3. Bb5 a6 4. Ba4 Nf6 5. Qe2 d6 6. c3 Be7 7. d4 b5 8. Bc2 O-O
9. d5 Nb8 10. O-O c6 11. dxc6 Nxc6 12. Rd1 Qc7 13. a4 b4 14. c4 Bg4 15. Be3 b3
16. Bxb3 Nxe4 17. h3 Bxf3 18. Qxf3 Nc5 19. Bc2 Nb4 20. Qe2 Rab8 21. Nc3 Nxc2 22.
Qxc2 Nb3 23. Nd5 Nxa1 24. Rxa1 Qb7 25. b4 Rfc8 26. Nb6 Rc6 27. a5 Bd8 28. Nd5
Rbc8 29. Qe4 f5 30. Qxf5 Rxc4 31. Qe6+ Qf7 32. Qxd6 e4 33. Bc5 Rc2 34. Re1 Bh4
35. Rf1 Rd8 36. Ne7+ Bxe7 37. Qxe7 Qxe7 38. Bxe7 Rdd2 39. Bc5 Rd5 40. Re1 Rdxc5
41. bxc5 Rxc5 42. Rxe4 Rxa5 43. Re7 Ra2 44. g4 h6 45. Kg2 a5 46. Ra7 a4 47. Kf3
Ra3+ 48. Kf4 Rxh3 49. Rxa4 Rb3 50. Re4 Kf7 51. Ra4 Rb5 52. Ra7+ 1/2-1/2

[Event "World Rapid Women 2018"]
[Site "St Petersburg RUS"]
[Date "2018.12.28"]
[Round "9.55"]
[White "Maroroa, Sue"]
[Black "Gvanceladze, Anna"]
[Result "0-1"]
[WhiteTitle "WIM"]
[BlackTitle "WFM"]
[WhiteElo "2120"]
[BlackElo "2264"]
[WhiteFideId "4301498"]
[BlackFideId "4113721"]
[EventDate "2018.12.26"]

1. e4 c6 2. d4 d5 3. e5 c5 4. Nf3 Nc6 5. c4 cxd4 6. Nxd4 e6 7. Nxc6 bxc6 8. Nc3
Nh6 9. Be2 Bc5 10. O-O Nf5 11. Bd3 Ne7 12. Bg5 Qc7 13. Qe2 Ng6 14. Rfe1 O-O 15.
Rac1 d4 16. Nb1 Bb4 17. Nd2 h6 18. Bxg6 fxg6 19. Bh4 g5 20. Bg3 c5 21. a3 Bxd2
22. Qxd2 Bb7 23. f3 a5 24. Re2 a4 25. h4 gxh4 26. Bxh4 Rf5 27. Rce1 Qf7 28. Re4
Bxe4 29. Rxe4 Kh7 30. Qc2 Kh8 31. Qd2 Rb8 32. Kf2 Rb3 33. f4 Qb7 34. Re2 d3 35.
g4 Rf7 0-1

[Event "World Rapid Women 2018"]
[Site "St Petersburg RUS"]
[Date "2018.12.28"]
[Round "9.56"]
[White "Loskutova, Viktoriya"]
[Black "Stetsko, Lanita"]
[Result "1/2-1/2"]
[WhiteTitle "WFM"]
[BlackTitle "FM"]
[WhiteElo "2105"]
[BlackElo "2194"]
[WhiteFideId "34166278"]
[BlackFideId "13505300"]
[EventDate "2018.12.26"]

1. e4 e5 2. Nf3 Nc6 3. Bb5 a6 4. Ba4 Nf6 5. O-O Be7 6. Re1 b5 7. Bb3 d6 8. c3
O-O 9. h3 Na5 10. Bc2 c5 11. d4 Qc7 12. Nbd2 cxd4 13. cxd4 Rd8 14. b3 Nc6 15.
Bb2 Bb7 16. Rc1 Qb6 17. Nf1 d5 18. dxe5 Nxe4 19. Qe2 Bb4 20. N3d2 Ne7 21. Bxe4
dxe4 22. a3 Bc5 23. Ng3 Bxf2+ 24. Qxf2 Qxf2+ 25. Kxf2 Rxd2+ 26. Re2 Rxe2+ 27.
Kxe2 Nd5 28. Nh5 Rc8 29. Rxc8+ Bxc8 30. Bd4 Be6 31. b4 h6 32. Kf2 Ne7 33. Ng3
Bd5 34. Ke3 Bc6 35. Nxe4 Nd5+ 36. Kf3 Nc7 37. Ke3 Nd5+ 38. Kf3 Nc7 39. Ke3 1/2-1/2

[Event "World Rapid Women 2018"]
[Site "St Petersburg RUS"]
[Date "2018.12.28"]
[Round "9.57"]
[White "Alieva, Alexandra"]
[Black "Goltseva, Ekaterina"]
[Result "0-1"]
[WhiteTitle "WFM"]
[BlackTitle "WFM"]
[WhiteElo "2102"]
[BlackElo "2153"]
[WhiteFideId "24133353"]
[BlackFideId "24173770"]
[EventDate "2018.12.26"]

1. e4 e6 2. d4 d5 3. Nd2 c5 4. c3 cxd4 5. cxd4 dxe4 6. Nxe4 Bb4+ 7. Nc3 Nf6 8.
Nf3 O-O 9. Bd3 b6 10. O-O Bb7 11. Bg5 Nbd7 12. Bc2 Rc8 13. Rc1 h6 14. Bh4 Re8
15. a3 Be7 16. Qd3 Nf8 17. Ne5 Nd5 18. Bg3 Nxc3 19. bxc3 Bxa3 20. Ra1 Qd5 21. f3
Bb2 22. Rxa7 Bxc3 23. Bf2 Re7 24. Rb1 Ba5 25. Bb3 Qd6 26. Bg3 Bc3 27. Rd1 Qb4
28. Bc2 Rd8 29. Bf2 Rc8 30. Rb1 Qd6 31. Nc4 Rxc4 32. Qxc4 Ba5 33. Qf1 Qb8 34.
Rxa5 bxa5 35. Qb5 Qc8 36. Bd3 Qc3 37. Be4 Bxe4 38. fxe4 Ng6 39. Qc5 Qd3 40. Rb8+
Kh7 41. h3 Qxe4 42. h4 Nf4 43. Kf1 Qxg2+ 44. Ke1 Nd3+ 0-1